Statistics for Countries that Gained Independence from Portugal

Click here to take the quiz!

General Stats

  • This quiz has been taken 1,326 times
  • The average score is 5 of 6

Answer Stats

YearCountry% Correct
1822Brazil
98%
1975Angola
87%
1975Mozambique
84%
1975Cape Verde
75%
1975São Tomé & Príncipe
71%
1974Guinea-Bissau
63%

Score Distribution

Percentile by Number Answered

Percent of People with Each Score

Your Score History

You have not taken this quiz